000 01400nam a2200385 i 4500
001 138575
003 FINmELB
005 20241217181224.0
006 m o u
007 cr cn|||||||||
008 240522s2023 mx ob 000 0 spa d
020 _z9786078859474
035 _a(OCoLC)1435562898
040 _aFINmELB
_bspa
_erda
_cFINmELB
050 1 4 _aHD2811
_bM977 2023
080 _a658:338(72)
082 0 4 _a338.0972
_223
100 1 _aMuri,̉ José M.,
_eautor.
245 1 0 _aOcaso y orgullo del empresariado tapatío /
_cJosé María Muri.̉
264 1 _aCiudad de México :
_bEditorial Miguel Ángel Porrúa,
_c2023.
300 _a1 recurso en línea (66 páginas)
336 _atexto
_btxt
_2rdamedia/spa
337 _acomputadora
_bc
_2rdamedia/spa
338 _arecurso en línea
_bcr
_2rdacarrier/spa
490 1 _aCaprichos
504 _aContiene bibliografía.
588 _aDescripción basada en metadatos suministrados por el editor y otras fuentes.
590 _aRecurso electrónico. Santa Fe, Arg.: elibro, 2024. Disponible vía World Wide Web. El acceso puede estar limitado para las bibliotecas afiliadas a elibro.
650 4 _aEmpresas
_zMéxico.
650 4 _aEmpresarios
_zMéxico.
655 4 _aLibros electrónicos.
797 2 _aelibro, Corp.
830 0 _aCaprichos.
856 4 0 _uhttps://elibro.net/ereader/politecnicointernacional/256628
999 _c138575
_d138575